| 000 | 00505nam a22001937a 4500 | ||
|---|---|---|---|
| 003 | NUST - PNEC | ||
| 005 | 20170116180822.0 | ||
| 008 | 150623b xxu||||| |||| 00| 0 eng d | ||
| 020 | _a8173194343 | ||
| 040 | _cLIBRARY | ||
| 082 | _a512 PAT | ||
| 100 |
_94163 _aPatil, P.B. |
||
| 245 |
_aNumerical computational methods _cP.B. Patil |
||
| 250 | _a- | ||
| 260 |
_aNew Delhi _bNarosa Publishhing House _cc2006. |
||
| 300 | _a669 p. : | ||
| 650 |
_94164 _aNumerical Analysis _xGeneral |
||
| 942 |
_2ddc _cBK |
||
| 999 |
_c63770 _d63770 |
||